Helicopter performance, stability, and control / (Record no. 594248)

000 -LEADER
fixed length control field 00961pam a2200265 a 4500
001 - CONTROL NUMBER
control field 1995895
005 - DATE AND TIME OF LATEST TRANSACTION
control field 20230324111044.0
008 - FIXED-LENGTH DATA ELEMENTS--GENERAL INFORMATION
fixed length control field 900202r19901986flua b 001 0 eng
010 ## - LIBRARY OF CONGRESS CONTROL NUMBER
LC control number 90004119
020 ## - INTERNATIONAL STANDARD BOOK NUMBER
International Standard Book Number 0894644572 (alk. paper)
040 ## - CATALOGING SOURCE
Original cataloging agency DLC
Transcribing agency DLC
Modifying agency DLC
050 00 - LIBRARY OF CONGRESS CALL NUMBER
Classification number TL716
Item number .P725 1990
082 00 - DEWEY DECIMAL CLASSIFICATION NUMBER
Classification number 629.133
Edition number 20
Author Mark PRO
100 1# - MAIN ENTRY--PERSONAL NAME
Personal name Prouty, Raymond W.
9 (RLIN) 111015
245 10 - TITLE STATEMENT
Title Helicopter performance, stability, and control /
Statement of responsibility, etc. Raymond W. Prouty.
260 ## - PUBLICATION, DISTRIBUTION, ETC.
Place of publication, distribution, etc. Malabar, Fla. :
Name of publisher, distributor, etc. R.E. Krieger Pub. Co.,
Date of publication, distribution, etc. 1990.
300 ## - PHYSICAL DESCRIPTION
Extent xii, 731 p. :
Other physical details ill. ;
Dimensions 27 cm.
500 ## - GENERAL NOTE
General note Reprint, with corrections. Originally published: Boston : PWS Engineering, c1986.
504 ## - BIBLIOGRAPHY, ETC. NOTE
Bibliography, etc. note Includes bibliographical references (p. 709-724) and index.
650 #0 - SUBJECT ADDED ENTRY--TOPICAL TERM
Topical term or geographic name entry element Helicopters
General subdivision Aerodynamics.
9 (RLIN) 2123
650 #0 - SUBJECT ADDED ENTRY--TOPICAL TERM
Topical term or geographic name entry element Stability of helicopters.
9 (RLIN) 111358
906 ## - LOCAL DATA ELEMENT F, LDF (RLIN)
a 7
b cbc
c orignew
d 1
e ocip
f 19
g y-gencatlg
942 ## - ADDED ENTRY ELEMENTS (KOHA)
Source of classification or shelving scheme
Koha item type Book
Holdings
Withdrawn status Lost status Source of classification or shelving scheme Damaged status Not for loan Permanent Location Current Location Shelving location Date acquired Full call number Barcode Date last seen Price effective from Koha item type
          School of Mechanical & Manufacturing Engineering (SMME) School of Mechanical & Manufacturing Engineering (SMME) Aerospace Engineering 03/24/2023 629.133 PRO SMME-4022 03/24/2023 03/24/2023 Book
© 2023 Central Library, National University of Sciences and Technology. All Rights Reserved.